| Tag |
First Indicator |
Second Indicator |
Subfields |
| LEADER |
00000pam a2200000 a 4500 |
| 001 |
in00002430621 |
| 005 |
20190207101122.0 |
| 008 |
831110s1984 nyu 001 0 eng |
| 010 |
|
|
|a 83024545
|
| 020 |
|
|
|a 0312292112
|
| 020 |
|
|
|a 9780312292119
|
| 029 |
1 |
|
|a AU@
|b 000002977128
|
| 035 |
|
|
|a (OCoLC)ocm10163309
|
| 035 |
|
|
|a (OCoLC)10163309
|
| 040 |
|
|
|a DLC
|c DLC
|d BTCTA
|d YDXCP
|d BAKER
|d TXA
|d UtOrBLW
|
| 049 |
|
|
|a TXAM
|
| 050 |
0 |
0 |
|a TX725.A1
|b D475 1984
|
| 082 |
0 |
|
|a 641.59
|2 19
|
| 100 |
1 |
|
|a DeWitt, Dave.
|
| 245 |
1 |
4 |
|a The fiery cuisines :
|b the world's most delicious dishes /
|c Dave DeWitt and Nancy Gerlach.
|
| 250 |
|
|
|a 1st ed.
|
| 264 |
|
1 |
|a New York :
|b St. Martin's Press,
|c 1984.
|
| 300 |
|
|
|a x, 229 pages ;
|c 22 cm.
|
| 336 |
|
|
|a text
|b txt
|2 rdacontent
|
| 337 |
|
|
|a unmediated
|b n
|2 rdamedia
|
| 338 |
|
|
|a volume
|b nc
|2 rdacarrier
|
| 500 |
|
|
|a The Cushing Library/Chapman Texas Collection copy is part of the Floyd & Louise Chapman Texas & Borderlands Collection.
|5 TXA
|
| 500 |
|
|
|a Includes index.
|
| 500 |
|
|
|a "The Texas Cookbook Collection."
|
| 536 |
|
|
|a The Cushing Library/Texas & Borderlands copy was donated by Bonnie and John Kamenar.
|
| 650 |
|
0 |
|a International cooking.
|
| 650 |
|
0 |
|a Spices.
|
| 650 |
|
0 |
|a Condiments.
|
| 650 |
|
0 |
|a Cooking, American.
|
| 700 |
1 |
|
|a Gerlach, Nancy.
|
| 938 |
|
|
|a Baker and Taylor
|b BTCP
|n 83024545
|
| 938 |
|
|
|a YBP Library Services
|b YANK
|n 189871
|
| 938 |
|
|
|a Baker & Taylor
|b BKTY
|c 13.95
|d 10.46
|i 0312292112
|n 0000861604
|s active
|
| 948 |
|
|
|a cataloged
|b h
|c 2008/10/22
|d c
|e ceaton
|f 12:18:55 pm
|
| 994 |
|
|
|a C0
|b TXA
|
| 999 |
|
|
|a MARS
|
| 999 |
f |
f |
|s feef5106-36d1-3bfd-85f2-3e08e6bd11d5
|i e78fcdf9-a21a-3eb3-b002-18eaa5d5548d
|t 0
|
| 952 |
f |
f |
|p noncirc
|a Texas A&M University
|b College Station
|c Cushing Memorial Library & Archives
|d Cushing: Chapman Texas Collection (Does not check out)
|t 0
|e TX725.A1 D475 1984
|h Library of Congress classification
|i unmediated -- volume
|
| 998 |
f |
f |
|a TX725.A1 D475 1984
|t 0
|l Cushing: Chapman Texas Collection (Does not check out)
|